[Event "Team women final 2016"]
[Site "Sochi"]
[Date "2016.05.09"]
[Round "8.14"]
[White "Lagno, Kateryna"]
[Black "Maltsevskaya, Aleksandra"]
[Result "1-0"]
[LiveChessVersion "1.4.4"]
[BlackElo "2252"]
[WhiteElo "2529"]
[BlackTeam "Donchanka"]
[WhiteTeam "Legacy"]

1. e4 {[%clk 1:30:56]} c5 {[%clk 1:30:52]} 2. Nf3 {[%clk 1:31:16]} e6
{[%clk 1:31:12]} 3. d4 {[%clk 1:31:33]} cxd4 {[%clk 1:31:34]} 4. Nxd4
{[%clk 1:31:58]} Nc6 {[%clk 1:31:54]} 5. Nc3 {[%clk 1:32:13]} a6 {[%clk 1:32:14]}
6. Be2 {[%clk 1:32:11]} d6 {[%clk 1:32:32]} 7. O-O {[%clk 1:29:57]} Nf6
{[%clk 1:32:47]} 8. Be3 {[%clk 1:29:08]} Be7 {[%clk 1:33:07]} 9. a4
{[%clk 1:28:53]} O-O {[%clk 1:33:24]} 10. f4 {[%clk 1:29:17]} Qc7
{[%clk 1:33:45]} 11. Kh1 {[%clk 1:27:48]} Re8 {[%clk 1:33:50]} 12. Qd2
{[%clk 1:22:38]} Na5 {[%clk 1:31:42]} 13. b3 {[%clk 1:10:39]} Bd7
{[%clk 1:31:54]} 14. Bd3 {[%clk 1:05:58]} Rac8 {[%clk 1:26:37]} 15. Nce2
{[%clk 1:03:01]} e5 {[%clk 1:20:37]} 16. fxe5 {[%clk 0:58:32]} dxe5
{[%clk 1:20:56]} 17. Nf5 {[%clk 0:58:53]} Bxf5 {[%clk 1:14:46]} 18. Rxf5
{[%clk 0:59:15]} Nc6 {[%clk 1:14:19]} 19. Ng3 {[%clk 0:43:20]} Nb4
{[%clk 1:04:43]} 20. Bc4 {[%clk 0:42:01]} Red8 {[%clk 0:52:22]} 21. Qe2
{[%clk 0:35:33]} b5 {[%clk 0:47:01]} 22. axb5 {[%clk 0:35:56]} axb5
{[%clk 0:47:25]} 23. Ra7 {[%clk 0:31:27]} Qd6 {[%clk 0:47:25]} 24. Rf1
{[%clk 0:31:43]} g6 {[%clk 0:46:22]} 25. Bxb5 {[%clk 0:28:49]} Rxc2
{[%clk 0:43:52]} 26. Qf3 {[%clk 0:28:09]} Rc3 {[%clk 0:42:39]} 27. Qf2
{[%clk 0:26:13]} Rc2 {[%clk 0:40:49]} 28. Qf3 {[%clk 0:20:48]} Rc3
{[%clk 0:39:12]} 29. Qf2 {[%clk 0:20:59]} Rc2 {[%clk 0:32:32]} 30. Qe1
{[%clk 0:18:47]} Rb2 {[%clk 0:26:58]} 31. Bg5 {[%clk 0:17:06]} h6
{[%clk 0:23:42]} 32. Bxf6 {[%clk 0:16:14]} Bxf6 {[%clk 0:24:03]} 33. Bc4
{[%clk 0:16:36]} Rf8 {[%clk 0:23:38]} 34. Qc1 {[%clk 0:15:23]} Ra2
{[%clk 0:16:17]} 35. Rxa2 {[%clk 0:12:44]} Nxa2 {[%clk 0:16:38]} 36. Qxh6
{[%clk 0:13:06]} Bg7 {[%clk 0:16:36]} 37. Nf5 {[%clk 0:12:33]} Bxh6
{[%clk 0:11:21]} 38. Nxd6 {[%clk 0:12:50]} Kg7 {[%clk 0:09:22]} 39. Rxf7+
{[%clk 0:12:37]} Rxf7 {[%clk 0:09:45]} 40. Nxf7 {[%clk 0:43:03]} Be3
{[%clk 0:39:37]} 41. Nxe5 {[%clk 0:43:10]} Nc3 {[%clk 0:39:57]} 42. Ng4
{[%clk 0:42:03]} Bc5 {[%clk 0:40:01]} 43. e5 {[%clk 0:40:53]} g5 {[%clk 0:40:18]}
44. g3 {[%clk 0:39:45]} Kg6 {[%clk 0:40:37]} 45. Kg2 {[%clk 0:36:39]} Kf5
{[%clk 0:39:47]} 46. Kf3 {[%clk 0:36:48]} Na2 {[%clk 0:39:44]} 47. e6
{[%clk 0:33:25]} Nb4 {[%clk 0:39:58]} 48. Ne3+ {[%clk 0:31:26]} Ke5
{[%clk 0:40:12]} 49. Kg4 {[%clk 0:31:19]} Nc6 {[%clk 0:39:52]} 50. Nd5
{[%clk 0:31:22]} Ne7 {[%clk 0:39:25]} 51. b4 {[%clk 0:28:06]} Bd6
{[%clk 0:38:43]} 52. Nxe7 {[%clk 0:28:24]} Bxe7 {[%clk 0:39:07]} 53. b5
{[%clk 0:28:49]} Kd4 {[%clk 0:39:27]} 54. b6 {[%clk 0:28:59]} 1-0

[Event "Team women final 2016"]
[Site "Sochi"]
[Date "2016.05.09"]
[Round "8.15"]
[White "Sukhareva, Evgeniya"]
[Black "Kovalevskaya, Ekaterina"]
[Result "0-1"]
[LiveChessVersion "1.4.4"]
[BlackElo "2467"]
[WhiteElo "2176"]
[BlackTeam "Legacy"]
[WhiteTeam "Donchanka"]

1. d4 {[%clk 1:30:57]} Nf6 {[%clk 1:30:54]} 2. c4 {[%clk 1:31:20]} c5
{[%clk 1:31:05]} 3. d5 {[%clk 1:31:31]} b5 {[%clk 1:31:06]} 4. cxb5
{[%clk 1:31:50]} a6 {[%clk 1:31:26]} 5. bxa6 {[%clk 1:32:09]} g6 {[%clk 1:31:12]}
6. Nc3 {[%clk 1:32:11]} Bg7 {[%clk 1:31:09]} 7. Nf3 {[%clk 1:30:39]} O-O
{[%clk 1:31:17]} 8. e4 {[%clk 1:28:45]} Qa5 {[%clk 1:28:58]} 9. Nd2
{[%clk 1:28:37]} Bxa6 {[%clk 1:07:52]} 10. Bxa6 {[%clk 1:22:24]} Qxa6
{[%clk 1:08:12]} 11. a4 {[%clk 1:20:28]} e6 {[%clk 1:00:21]} 12. Nb5
{[%clk 1:19:22]} Qb7 {[%clk 0:52:53]} 13. dxe6 {[%clk 1:16:41]} fxe6
{[%clk 0:53:14]} 14. Qc2 {[%clk 1:16:31]} Na6 {[%clk 0:48:22]} 15. O-O
{[%clk 1:14:15]} Qc6 {[%clk 0:45:26]} 16. Re1 {[%clk 1:05:32]} Nb4
{[%clk 0:32:51]} 17. Qb3 {[%clk 0:48:01]} Kh8 {[%clk 0:33:02]} 18. h3
{[%clk 0:28:44]} d5 {[%clk 0:29:59]} 19. exd5 {[%clk 0:23:08]} exd5
{[%clk 0:30:15]} 20. Nf3 {[%clk 0:22:33]} Ne4 {[%clk 0:19:03]} 21. Be3
{[%clk 0:20:18]} Qf6 {[%clk 0:13:33]} 22. Re2 {[%clk 0:13:24]} Qe7
{[%clk 0:13:00]} 23. Rae1 {[%clk 0:05:51]} c4 {[%clk 0:03:04]} 24. Qa3
{[%clk 0:05:44]} Nc6 {[%clk 0:03:28]} 25. Qxe7 {[%clk 0:02:29]} Nxe7
{[%clk 0:03:57]} 26. Ra1 {[%clk 0:02:39]} Nf5 {[%clk 0:02:15]} 27. Bd4
{[%clk 0:00:32]} Nxd4 {[%clk 0:01:58]} 28. Nfxd4 {[%clk 0:00:54]} Rfb8
{[%clk 0:00:59]} 29. f3 {[%clk 0:00:33]} Nc5 {[%clk 0:01:00]} 30. Rae1
{[%clk 0:00:00]} 0-1

[Event "Team women final 2016"]
[Site "Sochi"]
[Date "2016.05.09"]
[Round "8.16"]
[White "Savina, Anastasia"]
[Black "Assaubayeva, Bibisara"]
[Result "1-0"]
[LiveChessVersion "1.4.4"]
[BlackElo "2141"]
[WhiteElo "2387"]
[BlackTeam "Donchanka"]
[WhiteTeam "Legacy"]

1. d4 {[%clk 1:30:56]} Nf6 {[%clk 1:30:52]} 2. c4 {[%clk 1:31:19]} c5
{[%clk 1:31:16]} 3. d5 {[%clk 1:31:34]} e6 {[%clk 1:31:39]} 4. Nc3
{[%clk 1:31:49]} exd5 {[%clk 1:31:55]} 5. cxd5 {[%clk 1:32:14]} d6
{[%clk 1:32:17]} 6. Nf3 {[%clk 1:31:22]} g6 {[%clk 1:32:40]} 7. Nd2
{[%clk 1:30:41]} Bg7 {[%clk 1:32:38]} 8. e4 {[%clk 1:30:55]} O-O {[%clk 1:32:54]}
9. Be2 {[%clk 1:31:12]} Na6 {[%clk 1:32:22]} 10. O-O {[%clk 1:30:56]} Nc7
{[%clk 1:32:24]} 11. a4 {[%clk 1:29:41]} Re8 {[%clk 1:32:12]} 12. f3
{[%clk 1:28:04]} Nd7 {[%clk 1:31:53]} 13. Nc4 {[%clk 1:24:02]} Ne5
{[%clk 1:31:48]} 14. Ne3 {[%clk 1:22:55]} f5 {[%clk 1:31:43]} 15. exf5
{[%clk 1:13:38]} gxf5 {[%clk 1:31:58]} 16. Qc2 {[%clk 1:11:38]} Ng6
{[%clk 1:28:01]} 17. Kh1 {[%clk 1:04:16]} Bd4 {[%clk 1:21:25]} 18. Nc4
{[%clk 1:00:52]} Qf6 {[%clk 1:17:06]} 19. Bd3 {[%clk 0:52:35]} Bd7
{[%clk 1:11:48]} 20. Bd2 {[%clk 0:50:41]} Rab8 {[%clk 0:50:01]} 21. Rae1
{[%clk 0:36:44]} Ne5 {[%clk 0:42:49]} 22. Nxe5 {[%clk 0:32:49]} Bxe5
{[%clk 0:38:36]} 23. f4 {[%clk 0:27:15]} Bd4 {[%clk 0:38:52]} 24. Ne2
{[%clk 0:21:17]} Bxb2 {[%clk 0:35:14]} 25. Ng3 {[%clk 0:16:09]} Rf8
{[%clk 0:32:53]} 26. Nh5 {[%clk 0:14:12]} Qd4 {[%clk 0:31:04]} 27. Rb1
{[%clk 0:09:24]} Bxa4 {[%clk 0:24:29]} 28. Qxb2 {[%clk 0:09:16]} Qxb2
{[%clk 0:24:17]} 29. Rxb2 {[%clk 0:09:44]} b5 {[%clk 0:21:19]} 30. Ng3
{[%clk 0:07:39]} b4 {[%clk 0:19:25]} 31. Bxf5 {[%clk 0:05:59]} Bb5
{[%clk 0:18:18]} 32. Ra1 {[%clk 0:05:43]} Ra8 {[%clk 0:17:40]} 33. Be6+
{[%clk 0:04:01]} Nxe6 {[%clk 0:15:11]} 34. dxe6 {[%clk 0:04:29]} a5
{[%clk 0:14:46]} 35. f5 {[%clk 0:04:29]} Bd3 {[%clk 0:11:01]} 36. Bh6
{[%clk 0:04:09]} Rf6 {[%clk 0:07:35]} 37. Bg5 {[%clk 0:04:30]} Rxf5
{[%clk 0:07:58]} 38. Nxf5 {[%clk 0:04:52]} Bxf5 {[%clk 0:08:22]} 39. e7
{[%clk 0:04:34]} a4 {[%clk 0:07:00]} 40. Rf2 {[%clk 0:33:41]} 1-0

[Event "Team women final 2016"]
[Site "Sochi"]
[Date "2016.05.10"]
[Round "9.1"]
[White "Goryachkina, Aleksandra"]
[Black "Travkina, Anastasia"]
[Result "1/2-1/2"]
[LiveChessVersion "1.4.4"]
[BlackElo "2255"]
[WhiteElo "2485"]
[BlackTeam "Donchanka"]
[WhiteTeam "University"]

1. e4 {[%clk 1:30:56]} e5 {[%clk 1:30:51]} 2. Nf3 {[%clk 1:31:18]} Nc6
{[%clk 1:31:14]} 3. Bb5 {[%clk 1:31:14]} g6 {[%clk 1:31:32]} 4. c3
{[%clk 1:30:44]} Bg7 {[%clk 1:31:56]} 5. d4 {[%clk 1:30:10]} exd4
{[%clk 1:32:20]} 6. cxd4 {[%clk 1:30:27]} a6 {[%clk 1:32:45]} 7. Ba4
{[%clk 1:30:00]} b5 {[%clk 1:33:05]} 8. Bb3 {[%clk 1:29:55]} Nge7
{[%clk 1:33:09]} 9. Nc3 {[%clk 1:27:18]} O-O {[%clk 1:32:17]} 10. O-O
{[%clk 1:27:08]} Na5 {[%clk 1:32:20]} 11. Be3 {[%clk 1:27:05]} d6
{[%clk 1:28:33]} 12. Re1 {[%clk 1:26:20]} Bb7 {[%clk 1:24:19]} 13. d5
{[%clk 1:20:51]} Nxb3 {[%clk 1:14:23]} 14. Qxb3 {[%clk 1:19:03]} c5
{[%clk 1:13:44]} 15. dxc6 {[%clk 1:19:14]} Nxc6 {[%clk 1:13:55]} 16. Rad1
{[%clk 1:11:25]} Na5 {[%clk 1:10:37]} 17. Qb4 {[%clk 1:08:49]} Nc4
{[%clk 1:05:23]} 18. Bd4 {[%clk 1:07:16]} Bxd4 {[%clk 0:34:40]} 19. Rxd4
{[%clk 1:06:03]} Bc6 {[%clk 0:32:57]} 20. Nd5 {[%clk 1:01:38]} Re8
{[%clk 0:28:09]} 21. h3 {[%clk 0:55:20]} Rc8 {[%clk 0:22:02]} 22. Rdd1
{[%clk 0:42:31]} Bxd5 {[%clk 0:20:17]} 23. exd5 {[%clk 0:34:02]} Qf6
{[%clk 0:20:05]} 24. b3 {[%clk 0:32:57]} Ne5 {[%clk 0:18:49]} 25. Nd4
{[%clk 0:28:06]} Rc5 {[%clk 0:13:52]} 26. Nc6 {[%clk 0:25:31]} Rc2
{[%clk 0:10:32]} 27. Qd4 {[%clk 0:22:24]} Kg7 {[%clk 0:03:19]} 28. Re4
{[%clk 0:10:59]} Rc8 {[%clk 0:01:08]} 29. Rf4 {[%clk 0:10:29]} Qg5
{[%clk 0:00:57]} 30. h4 {[%clk 0:08:35]} Qh5 {[%clk 0:01:25]} 31. Re1
{[%clk 0:08:04]} Re2 {[%clk 0:01:25]} 32. Rxe2 {[%clk 0:05:45]} Qxe2
{[%clk 0:01:53]} 33. Re4 {[%clk 0:05:56]} Qd3 {[%clk 0:02:11]} 34. Qxd3
{[%clk 0:02:42]} Nxd3 {[%clk 0:02:40]} 35. Re7 {[%clk 0:02:43]} Nf4
{[%clk 0:02:45]} 36. Ra7 {[%clk 0:02:07]} Nxd5 {[%clk 0:02:49]} 37. Rxa6
{[%clk 0:02:22]} Nc3 {[%clk 0:01:04]} 38. Nd4 {[%clk 0:01:45]} Rc5
{[%clk 0:01:05]} 39. a3 {[%clk 0:01:11]} Rd5 {[%clk 0:01:12]} 40. Nc6
{[%clk 0:30:52]} Rd1+ {[%clk 0:30:55]} 41. Kh2 {[%clk 0:31:18]} Rd2
{[%clk 0:26:07]} 1/2-1/2

[Event "Team women final 2016"]
[Site "Sochi"]
[Date "2016.05.10"]
[Round "9.2"]
[White "Maltsevskaya, Aleksandra"]
[Black "Zaiatz, Elena"]
[Result "1-0"]
[LiveChessVersion "1.4.4"]
[BlackElo "2364"]
[WhiteElo "2252"]
[BlackTeam "University"]
[WhiteTeam "Donchanka"]

1. e4 {[%clk 1:30:57]} e5 {[%clk 1:30:54]} 2. Nf3 {[%clk 1:31:20]} Nc6
{[%clk 1:31:21]} 3. Bb5 {[%clk 1:31:39]} a6 {[%clk 1:31:45]} 4. Ba4
{[%clk 1:32:04]} Nf6 {[%clk 1:32:10]} 5. O-O {[%clk 1:32:26]} b5 {[%clk 1:32:36]}
6. Bb3 {[%clk 1:32:49]} Bc5 {[%clk 1:33:03]} 7. d3 {[%clk 1:32:40]} d6
{[%clk 1:33:16]} 8. a4 {[%clk 1:32:15]} Rb8 {[%clk 1:33:05]} 9. Nc3
{[%clk 1:32:31]} h6 {[%clk 1:31:21]} 10. axb5 {[%clk 1:27:25]} axb5
{[%clk 1:31:46]} 11. Nd5 {[%clk 1:27:32]} Nxd5 {[%clk 1:22:02]} 12. exd5
{[%clk 1:25:57]} Ne7 {[%clk 1:22:16]} 13. d4 {[%clk 1:24:48]} exd4
{[%clk 1:22:27]} 14. Nxd4 {[%clk 1:24:08]} O-O {[%clk 1:21:14]} 15. Be3
{[%clk 1:15:40]} Qd7 {[%clk 1:06:48]} 16. Re1 {[%clk 1:12:18]} Bb7
{[%clk 1:03:34]} 17. Qh5 {[%clk 1:09:31]} Rbe8 {[%clk 1:03:24]} 18. Rad1
{[%clk 1:04:15]} Ng6 {[%clk 0:47:36]} 19. Ne6 {[%clk 0:59:07]} Bxe3
{[%clk 0:47:58]} 20. Nxf8 {[%clk 0:58:26]} Bxf2+ {[%clk 0:48:15]} 21. Kxf2
{[%clk 0:55:16]} Rxf8 {[%clk 0:48:39]} 22. Kg1 {[%clk 0:53:14]} Re8
{[%clk 0:37:34]} 23. c3 {[%clk 0:52:03]} Ne5 {[%clk 0:34:14]} 24. Bc2
{[%clk 0:48:28]} Bc8 {[%clk 0:34:29]} 25. Qh4 {[%clk 0:47:03]} f5
{[%clk 0:28:01]} 26. Rf1 {[%clk 0:45:36]} Qf7 {[%clk 0:27:06]} 27. Qf4
{[%clk 0:43:51]} g5 {[%clk 0:23:49]} 28. Qb4 {[%clk 0:42:19]} Bd7
{[%clk 0:24:05]} 29. Qd4 {[%clk 0:40:00]} Re7 {[%clk 0:11:25]} 30. Rde1
{[%clk 0:37:49]} Re8 {[%clk 0:11:50]} 31. b3 {[%clk 0:36:55]} Qf6
{[%clk 0:08:39]} 32. Kh1 {[%clk 0:36:18]} Qf7 {[%clk 0:08:36]} 33. Qa7
{[%clk 0:31:04]} Qxd5 {[%clk 0:04:29]} 34. Bxf5 {[%clk 0:30:53]} Bxf5
{[%clk 0:04:30]} 35. Rxf5 {[%clk 0:31:16]} Qe6 {[%clk 0:04:28]} 36. Rff1
{[%clk 0:30:03]} c6 {[%clk 0:03:20]} 37. Qd4 {[%clk 0:28:55]} c5 {[%clk 0:03:00]}
38. Qe4 {[%clk 0:28:12]} c4 {[%clk 0:02:39]} 39. bxc4 {[%clk 0:25:07]} bxc4
{[%clk 0:03:04]} 40. h3 {[%clk 0:55:15]} Kg7 {[%clk 0:32:06]} 41. Qd4
{[%clk 0:54:41]} Kg8 {[%clk 0:29:38]} 42. Rf2 {[%clk 0:52:53]} Rf8
{[%clk 0:28:56]} 43. Rd2 {[%clk 0:51:26]} Rf6 {[%clk 0:29:02]} 44. Qd5
{[%clk 0:51:37]} Qxd5 {[%clk 0:29:26]} 45. Rxd5 {[%clk 0:52:01]} Kf7
{[%clk 0:29:31]} 46. Ra1 {[%clk 0:52:08]} Ke6 {[%clk 0:28:52]} 47. Rd4
{[%clk 0:52:17]} Rf4 {[%clk 0:26:04]} 48. Rxf4 {[%clk 0:49:38]} gxf4
{[%clk 0:26:29]} 49. Kg1 {[%clk 0:50:02]} Nd3 {[%clk 0:20:29]} 50. Kf1
{[%clk 0:50:03]} Nc5 {[%clk 0:20:11]} 51. Ke2 {[%clk 0:47:39]} Ne4
{[%clk 0:17:39]} 52. Kf3 {[%clk 0:47:56]} Nxc3 {[%clk 0:13:58]} 53. Rc1
{[%clk 0:48:15]} Nd5 {[%clk 0:13:21]} 54. Rxc4 {[%clk 0:48:39]} Ke5
{[%clk 0:13:23]} 55. Re4+ {[%clk 0:49:03]} Kf5 {[%clk 0:13:48]} 56. h4
{[%clk 0:49:21]} h5 {[%clk 0:13:19]} 57. Re8 {[%clk 0:49:40]} Nf6
{[%clk 0:13:38]} 58. Re7 {[%clk 0:47:25]} d5 {[%clk 0:10:50]} 59. Rg7
{[%clk 0:47:06]} Ne4 {[%clk 0:11:13]} 60. Rg8 {[%clk 0:47:10]} Ke5
{[%clk 0:11:16]} 61. Rf8 {[%clk 0:46:48]} Nf6 {[%clk 0:11:31]} 62. Ke2
{[%clk 0:46:44]} Ne4 {[%clk 0:09:53]} 63. Rg8 {[%clk 0:46:27]} Kf5
{[%clk 0:09:38]} 64. Kd3 {[%clk 0:45:59]} Ke5 {[%clk 0:09:59]} 65. Rg7
{[%clk 0:45:10]} Nf6 {[%clk 0:10:19]} 66. Rg5+ {[%clk 0:45:32]} 1-0

[Event "Team women final 2016"]
[Site "Sochi"]
[Date "2016.05.10"]
[Round "9.3"]
[White "Stetsko, Lanita"]
[Black "Assaubayeva, Bibisara"]
[Result "1/2-1/2"]
[LiveChessVersion "1.4.4"]
[BlackElo "2141"]
[WhiteElo "2220"]
[BlackTeam "Donchanka"]
[WhiteTeam "University"]

1. e4 {[%clk 1:30:53]} g6 {[%clk 1:30:26]} 2. d4 {[%clk 1:30:48]} Bg7
{[%clk 1:30:39]} 3. Nc3 {[%clk 1:30:38]} d6 {[%clk 1:30:48]} 4. Be3
{[%clk 1:25:28]} a6 {[%clk 1:30:58]} 5. Qd2 {[%clk 1:24:19]} b5 {[%clk 1:30:48]}
6. a4 {[%clk 1:16:57]} b4 {[%clk 1:28:46]} 7. Nd5 {[%clk 1:16:52]} a5
{[%clk 1:24:02]} 8. h4 {[%clk 1:04:38]} h5 {[%clk 1:18:38]} 9. f3
{[%clk 1:01:35]} Bb7 {[%clk 1:18:19]} 10. Nf4 {[%clk 0:59:56]} Nd7
{[%clk 1:15:54]} 11. Bc4 {[%clk 0:39:45]} c5 {[%clk 1:13:17]} 12. c3
{[%clk 0:37:34]} Ngf6 {[%clk 1:10:39]} 13. Ngh3 {[%clk 0:36:18]} cxd4
{[%clk 1:04:08]} 14. cxd4 {[%clk 0:35:44]} d5 {[%clk 1:01:19]} 15. exd5
{[%clk 0:33:03]} Rc8 {[%clk 0:58:42]} 16. Qd3 {[%clk 0:30:45]} O-O
{[%clk 0:51:22]} 17. Ng5 {[%clk 0:23:42]} Rxc4 {[%clk 0:45:30]} 18. Qxc4
{[%clk 0:23:58]} Nb6 {[%clk 0:45:55]} 19. Qb5 {[%clk 0:22:14]} Nfxd5
{[%clk 0:42:33]} 20. Nxd5 {[%clk 0:22:17]} Nxd5 {[%clk 0:40:15]} 21. Bf2
{[%clk 0:21:42]} Qa8 {[%clk 0:36:54]} 22. O-O {[%clk 0:16:27]} Nf4
{[%clk 0:36:21]} 23. Rfe1 {[%clk 0:14:26]} e6 {[%clk 0:26:28]} 24. Rac1
{[%clk 0:09:51]} Ba6 {[%clk 0:23:52]} 25. Qd7 {[%clk 0:10:15]} Qd5
{[%clk 0:18:40]} 26. Qxd5 {[%clk 0:10:16]} exd5 {[%clk 0:18:57]} 27. Rc6
{[%clk 0:09:53]} Bc4 {[%clk 0:18:27]} 28. Re7 {[%clk 0:09:17]} Ne2+
{[%clk 0:16:18]} 29. Kh1 {[%clk 0:09:05]} Nxd4 {[%clk 0:15:16]} 30. Rcc7
{[%clk 0:08:35]} Nf5 {[%clk 0:15:09]} 31. Rxf7 {[%clk 0:08:10]} Rxf7
{[%clk 0:10:52]} 32. Rxf7 {[%clk 0:08:15]} d4 {[%clk 0:07:13]} 33. Rd7
{[%clk 0:07:22]} Kf8 {[%clk 0:06:37]} 34. g4 {[%clk 0:07:02]} hxg4
{[%clk 0:05:43]} 35. fxg4 {[%clk 0:07:30]} Ke8 {[%clk 0:05:41]} 36. Rxg7
{[%clk 0:00:46]} Nxg7 {[%clk 0:06:10]} 37. Bxd4 {[%clk 0:00:50]} Ne6
{[%clk 0:06:02]} 38. Nxe6 {[%clk 0:00:42]} Bxe6 {[%clk 0:06:31]} 39. Bb6
{[%clk 0:00:39]} Bxg4 {[%clk 0:06:40]} 40. Bxa5 {[%clk 0:30:53]} Bd1
{[%clk 0:36:44]} 41. Bxb4 {[%clk 0:28:27]} Bxa4 {[%clk 0:37:12]} 42. Kg2
{[%clk 0:28:50]} Bd1 {[%clk 0:37:32]} 43. Kg3 {[%clk 0:28:59]} Kd7
{[%clk 0:37:50]} 44. Kf4 {[%clk 0:29:12]} Kc6 {[%clk 0:38:12]} 45. Kg5
{[%clk 0:28:58]} Kb5 {[%clk 0:38:24]} 46. Bc3 1/2-1/2

[Event "Team women final 2016"]
[Site "Sochi"]
[Date "2016.05.10"]
[Round "9.4"]
[White "Petrova, Olga"]
[Black "Baraeva, Marina"]
[Result "0-1"]
[LiveChessVersion "1.4.4"]
[BlackElo "2208"]
[WhiteElo "2163"]
[BlackTeam "University"]
[WhiteTeam "Donchanka"]

1. Nf3 {[%clk 1:30:52]} Nf6 {[%clk 1:30:13]} 2. c4 {[%clk 1:31:06]} c5
{[%clk 1:29:04]} 3. Nc3 {[%clk 1:31:03]} Nc6 {[%clk 1:28:36]} 4. d4
{[%clk 1:30:11]} cxd4 {[%clk 1:28:11]} 5. Nxd4 {[%clk 1:30:06]} g6
{[%clk 1:27:24]} 6. e4 {[%clk 1:29:51]} Nxd4 {[%clk 1:25:53]} 7. Qxd4
{[%clk 1:30:02]} d6 {[%clk 1:25:22]} 8. Be2 Bg7 {[%clk 1:24:50]} 9. Be3
{[%clk 1:27:09]} O-O {[%clk 1:25:14]} 10. Qd2 {[%clk 1:25:59]} Be6
{[%clk 1:23:02]} 11. Rc1 {[%clk 1:24:58]} Qa5 {[%clk 1:21:56]} 12. b3
{[%clk 1:22:04]} Rfc8 {[%clk 1:18:37]} 13. f3 {[%clk 1:20:25]} a6
{[%clk 1:16:01]} 14. Na4 {[%clk 1:09:40]} Qxd2+ {[%clk 1:09:59]} 15. Kxd2
{[%clk 1:09:43]} Nd7 {[%clk 1:08:57]} 16. f4 {[%clk 1:00:24]} Rc7
{[%clk 1:03:21]} 17. Rhf1 {[%clk 0:52:34]} Nc5 {[%clk 0:57:13]} 18. Nxc5
{[%clk 0:48:16]} dxc5 {[%clk 0:57:37]} 19. Kc2 {[%clk 0:44:45]} b5
{[%clk 0:50:27]} 20. Kb1 {[%clk 0:38:13]} b4 {[%clk 0:49:34]} 21. Rcd1
{[%clk 0:38:34]} Bc3 {[%clk 0:39:24]} 22. g4 {[%clk 0:36:17]} a5 {[%clk 0:33:55]}
23. e5 {[%clk 0:30:51]} a4 {[%clk 0:29:49]} 24. bxa4 {[%clk 0:31:08]} f5
{[%clk 0:29:10]} 25. g5 {[%clk 0:25:25]} Rxa4 {[%clk 0:28:05]} 26. Rd8+
{[%clk 0:25:19]} Kg7 {[%clk 0:24:32]} 27. Rf2 {[%clk 0:22:02]} Rca7
{[%clk 0:14:34]} 28. Bd1 {[%clk 0:20:44]} R4a5 {[%clk 0:09:49]} 29. Bb3
{[%clk 0:20:36]} Bd7 {[%clk 0:07:03]} 30. Re2 {[%clk 0:18:00]} Bc6
{[%clk 0:06:46]} 31. Rc8 {[%clk 0:14:09]} Be4+ {[%clk 0:06:55]} 32. Kc1
{[%clk 0:14:32]} Ra3 {[%clk 0:05:55]} 33. Rb2 {[%clk 0:13:58]} Rxb3
{[%clk 0:04:17]} 34. Rxb3 {[%clk 0:11:39]} Rxa2 {[%clk 0:04:44]} 35. Rb1
{[%clk 0:10:45]} Bxb1 {[%clk 0:04:07]} 36. Bxc5 {[%clk 0:10:44]} Bd3
{[%clk 0:04:01]} 0-1

[Event "Team women final 2016"]
[Site "Sochi"]
[Date "2016.05.10"]
[Round "9.6"]
[White "Pogonina, Natalija"]
[Black "Ovod, Evgenija"]
[Result "1/2-1/2"]
[LiveChessVersion "1.4.4"]
[BlackElo "2329"]
[WhiteElo "2490"]
[BlackTeam "SDUSSHOR"]
[WhiteTeam "Ugra"]

1. d4 {[%clk 1:30:57]} Nf6 {[%clk 1:30:53]} 2. c4 {[%clk 1:31:23]} e6
{[%clk 1:31:19]} 3. Nf3 {[%clk 1:31:49]} c5 {[%clk 1:31:44]} 4. d5
{[%clk 1:29:07]} d6 {[%clk 1:32:09]} 5. Nc3 {[%clk 1:28:51]} exd5
{[%clk 1:32:34]} 6. cxd5 {[%clk 1:28:15]} g6 {[%clk 1:32:59]} 7. Bf4
{[%clk 1:27:35]} Nh5 {[%clk 1:29:22]} 8. Bg5 {[%clk 1:26:46]} Be7
{[%clk 1:28:58]} 9. Bxe7 {[%clk 1:20:47]} Qxe7 {[%clk 1:29:24]} 10. e3
{[%clk 1:21:15]} O-O {[%clk 1:26:12]} 11. Be2 {[%clk 1:21:15]} Bg4
{[%clk 1:21:23]} 12. O-O {[%clk 1:15:38]} Nd7 {[%clk 1:05:16]} 13. Qb3
{[%clk 1:13:42]} Rab8 {[%clk 1:01:09]} 14. a4 {[%clk 1:12:50]} f5
{[%clk 0:58:22]} 15. Nd2 {[%clk 1:02:18]} Bxe2 {[%clk 0:58:41]} 16. Nxe2
{[%clk 1:02:45]} Ne5 {[%clk 0:58:37]} 17. Nf4 {[%clk 0:59:36]} Ng7
{[%clk 0:54:45]} 18. Nd3 {[%clk 0:57:22]} Ne8 {[%clk 0:47:51]} 19. Nc4
{[%clk 0:50:51]} Nxd3 {[%clk 0:40:19]} 20. Qxd3 {[%clk 0:51:17]} Nf6
{[%clk 0:40:44]} 21. Ra3 {[%clk 0:50:35]} Nd7 {[%clk 0:38:57]} 22. f4
{[%clk 0:49:11]} Nf6 {[%clk 0:38:14]} 23. Rb3 {[%clk 0:49:23]} Rbd8
{[%clk 0:32:06]} 24. Rb5 {[%clk 0:46:29]} Rd7 {[%clk 0:31:54]} 25. Rd1
{[%clk 0:44:18]} Re8 {[%clk 0:31:16]} 26. h3 {[%clk 0:42:46]} Qf7
{[%clk 0:29:55]} 27. a5 {[%clk 0:39:54]} Re4 {[%clk 0:28:05]} 28. b3
{[%clk 0:33:39]} Qe8 {[%clk 0:24:04]} 29. Kh2 {[%clk 0:16:33]} Ree7
{[%clk 0:24:08]} 30. Re1 {[%clk 0:14:00]} Rd8 {[%clk 0:21:14]} 31. Na3
{[%clk 0:13:45]} Qf7 {[%clk 0:21:13]} 32. Rd1 {[%clk 0:13:36]} Qe8
{[%clk 0:20:18]} 33. Re1 {[%clk 0:13:42]} Qf7 {[%clk 0:19:12]} 34. Rd1
{[%clk 0:14:08]} Qe8 {[%clk 0:19:31]} 35. Re1 {[%clk 0:08:46]} 1/2-1/2